| 000 | 00347 a2200133 4500 | ||
|---|---|---|---|
| 003 | OSt | ||
| 005 | 20180116182708.0 | ||
| 008 | 160816b xxu||||| |||| 00| 0 eng d | ||
| 040 | _c0 | ||
| 100 | _aDr. Mohammad Ahsen Chaudhri | ||
| 245 | _aPakistan and the Regional Pacts | ||
| 260 |
_aRoyal Book Company _c1988 |
||
| 942 |
_aNBS _cBK _k954.91 MOH _2ddc |
||
| 999 |
_c344257 _d344257 |
||